The 8051 microcontroller and embedded systems : using Assembly and C (Record no. 61684)

000 -LEADER
fixed length control field 00810nam a22002297a 4500
003 - CONTROL NUMBER IDENTIFIER
control field NUST-PNEC
005 - DATE AND TIME OF LATEST TRANSACTION
control field 20170116180728.0
008 - FIXED-LENGTH DATA ELEMENTS--GENERAL INFORMATION
fixed length control field 141108b xxu||||| |||| 00| 0 eng d
020 ## - INTERNATIONAL STANDARD BOOK NUMBER
International Standard Book Number 9788131710265
020 ## - INTERNATIONAL STANDARD BOOK NUMBER
International Standard Book Number 8131710262
040 ## - CATALOGING SOURCE
Transcribing agency PNEC
082 ## - DEWEY DECIMAL CLASSIFICATION NUMBER
Classification number 004.165 MAZ
100 ## - MAIN ENTRY--PERSONAL NAME
9 (RLIN) 31
Personal name Mazidi Muhammad Ali
245 ## - TITLE STATEMENT
Title The 8051 microcontroller and embedded systems : using Assembly and C
Statement of responsibility, etc. Muhammad Ali Mazidi
250 ## - EDITION STATEMENT
Edition statement 2nd ed.
260 ## - PUBLICATION, DISTRIBUTION, ETC.
Place of publication, distribution, etc. New Delhi :
Name of publisher, distributor, etc. Pearson/Prentice Hall : Dorling Kindersley,
Date of publication, distribution, etc. c2008.
300 ## - PHYSICAL DESCRIPTION
Extent xii, 547 p. :
Other physical details ill. ;
Dimensions 27 cm.
500 ## - GENERAL NOTE
General note Includes Index
650 ## - SUBJECT ADDED ENTRY--TOPICAL TERM
General subdivision Computer, MIS
856 ## - ELECTRONIC LOCATION AND ACCESS
Uniform Resource Identifier <a href="http://www.amazon.com/8051-Microcontrollers-Embedded-Systems/dp/8131710262/ref=sr_1_1?s=books&ie=UTF8&qid=1415438292&sr=1-1&keywords=9788131710265">http://www.amazon.com/8051-Microcontrollers-Embedded-Systems/dp/8131710262/ref=sr_1_1?s=books&ie=UTF8&qid=1415438292&sr=1-1&keywords=9788131710265</a>
942 ## - ADDED ENTRY ELEMENTS (KOHA)
Source of classification or shelving scheme
Koha item type Book
Holdings
Withdrawn status Lost status Source of classification or shelving scheme Damaged status Not for loan Permanent Location Current Location Date acquired Source of acquisition Cost, normal purchase price Total Checkouts Full call number Barcode Date last seen Date last checked out Cost, replacement price Price effective from Koha item type Shelving location
          Pakistan Navy Engineering College (PNEC) Pakistan Navy Engineering College (PNEC) 02/15/2011 ZS Dictionary Shop 557.00 4 629.895 MAZ PNECLIB-030309 07/27/2016 07/27/2016 557.00 02/15/2011 Book  
          Pakistan Navy Engineering College (PNEC) Pakistan Navy Engineering College (PNEC) 10/07/2015       629.895 MAZ PNECLIB-031786 10/07/2015       Book  
© 2023 Central Library, National University of Sciences and Technology. All Rights Reserved.